000 00719nam a2200265Ia 4500
003 OSt
005 20221006160140.0
006 a|||||r|||| 00| 0
007 ta
008 221006b |||||||| |||| 00| 0 eng d
020 _a9781565913141
_c
_49.50
024 _a44,438
037 _bGift, KCC (Window on Korea)
_cTextual
040 _aEASL
_cEASL
_beng
041 _2eng
_aeng
082 _aNQ495, Q1
100 _aOh Ju-seok
_9672107
245 0 _aSpecial lecture on Korean paintings
260 _aSeoul
_bHollym
_c2011
300 _a261p.
_ccm.
490 _v KEL
650 _aKEL
942 _hNQ495, Q1
_cTEXL
_2CC
999 _c1112530
_d1112530